000 00678nam a2200205 i 4500
001 111740
003 ES-MaACL
005 20240229183436.0
007 t|
008 061121s1956 sp a |||| | spa d
100 1 _aNeufert, Ernst.
_985434
245 1 0 _aArte de proyectar en arquitectura
_b: fundamentos, normas y prescripciones sobre construcción /
_cErnst Neufert ; versión de la décima edición alemana por M. Company.
250 _a7ª ed.
260 _aBarcelona :
_bGustavo Gili,
_c1956.
300 _aXVI, 285 p. :
_bil. ;
_c31 cm.
650 0 4 _aArquitectura
_99986
700 1 _aCompany, M.
_940037
852 _aES-MaACL
_jC-10741
999 _c111740
_d111740